00392nam a2200181Ia 4500003000900000008004100009040001300050040001300063041000800076100001700084245004400101250000900145260002100154260000900175300000800184490001200192490000600204IT-RoPAU120407s9999 xx 000 0 und d aIT-RoPAU cIT-RoPAU aita aA. Burghardt aEtica e revisionismo della proprietà. aRoma aEdizioni Paoline c1955 c cm aCat. II v1